[Event "Tournoi francophone 007 Groupe B"]
[Site "Skype"]
[Date "????.??.??"]
[Round "7.1"]
[White "Marino, Giuseppe"]
[Black "L'Herbon De Lussats, Jean"]
[Result "0-1"]
[WhiteElo "1356"]
[BlackElo "1507"]
[PlyCount "66"]

1. d4 Nf6 2. e3 g6 3. Nf3 Bg7 4. Bd3 O-O 5. O-O d6 6. Re1 b6 7. Nbd2 Bb7 8. b3
Nbd7 9. Bb2 c5 10. c4 cxd4 11. Bxd4 e5 12. Bc3 e4 13. Bxe4 Nxe4 14. Nxe4 Bxe4
15. Bxg7 Kxg7 16. Qd4+ Nf6 17. Red1 d5 18. cxd5 Qxd5 19. Qxf6+ Kxf6 20. Rxd5
Bxf3 21. gxf3 Ke6 22. Rad1 Kf6 23. f4 Rac8 24. R1d2 h5 25. Kg2 Rg8 26. Rd7 g5
27. R7d6+ Kf5 28. R2d5+ Ke4 29. f3+ Kxe3 30. Re5+ Kxf4 31. Rdd5 Rc2+ 32. Kh3
g4+ 33. Kh4 Rxh2# 0-1

[Event "Tournoi francophone 007 Groupe B"]
[Site "Skype"]
[Date "????.??.??"]
[Round "7.2"]
[White "Martin, Jean-Claude"]
[Black "Kruk, Clementine"]
[Result "0-1"]
[WhiteElo "1531"]
[BlackElo "1559"]
[PlyCount "46"]

1. d4 d5 2. c4 e6 3. Nc3 Nf6 4. Bg5 Nbd7 5. e3 c6 6. Bd3 Qa5 7. Qc2 dxc4 8.
Bxc4 Qxg5 9. g3 Bb4 10. Nf3 Qg4 11. Be2 Qe4 12. Rc1 Nb6 13. O-O Bxc3 14. Qxe4
Nxe4 15. bxc3 Nd5 16. Bd3 Nexc3 17. Ng5 Nxa2 18. Ra1 Nab4 19. Be4 Nc3 20. Bb1
Nxb1 21. Raxb1 Nd3 22. Rfd1 f6 23. Rxd3 fxg5 0-1

[Event "Tournoi francophone 007 Groupe B"]
[Site "Skype"]
[Date "????.??.??"]
[Round "7.3"]
[White "De Coninck, Philippe"]
[Black "Duthoit, Bernard"]
[Result "0-1"]
[WhiteElo "1554"]
[BlackElo "1515"]
[PlyCount "82"]

1. e4 e6 2. d4 d5 3. e5 c5 4. c3 Nc6 5. Nf3 cxd4 6. cxd4 Bd7 7. Be2 Bb4+ 8. Bd2
Qb6 9. Nc3 Nxd4 10. Na4 Nxf3+ 11. Bxf3 Bxd2+ 12. Kxd2 Qd4+ 13. Ke2 Qxa4 14. Re1
Qxd1+ 15. Raxd1 Ne7 16. Kf1 O-O 17. Rc1 Rac8 18. a3 Rxc1 19. Rxc1 Rc8 20. Rd1
Nc6 21. h3 Nxe5 22. Be2 Nc4 23. Bxc4 Rxc4 24. b3 Rc3 25. Rb1 Bb5+ 26. Kg1 Bd3
27. Rb2 Rc2 28. Rxc2 Bxc2 29. b4 d4 30. Kf1 d3 31. Ke1 Kf8 32. Kd2 Ke7 33. f3
Kd6 34. g3 Kc6 35. g4 Kb5 36. Kc3 Ka4 37. Kb2 Bb3 38. Kc3 Kxa3 39. Kxd3 Kxb4
40. Kd4 a5 41. f4 a4 0-1

[Event "Tournoi francophone 007 Groupe B"]
[Site "Skype"]
[Date "????.??.??"]
[Round "7.4"]
[White "Farthouat, Titoine"]
[Black "Gerbaux, Regis"]
[Result "1-0"]
[WhiteElo "1652"]
[BlackElo "1425"]
[PlyCount "35"]

1. e4 e5 2. Nf3 Nc6 3. Bc4 Bc5 4. O-O h6 5. c3 Nf6 6. Re1 d6 7. d4 exd4 8. cxd4
Bb4 9. Bd2 Bxd2 10. Nbxd2 O-O 11. a3 Re8 12. b4 Bg4 13. Qb3 Be6 14. d5 Bxd5 15.
exd5 Nb8 16. a4 c6 17. dxc6 Nxc6 18. Bxf7+ 1-0

[Event "Tournoi francophone 007 Groupe B"]
[Site "Skype"]
[Date "????.??.??"]
[Round "7.5"]
[White "Fouquereau, Andre"]
[Black "Gharbi, Said"]
[Result "1-0"]
[WhiteElo "1479"]
[BlackElo "1576"]
[PlyCount "51"]

1. e4 e5 2. Nf3 Nf6 3. d3 Nc6 4. c3 Bc5 5. h3 O-O 6. Be3 Bxe3 7. fxe3 d5 8.
exd5 Nxd5 9. e4 Nf4 10. Qc2 Qf6 11. Qf2 Qh6 12. Nbd2 b6 13. Nc4 Ba6 14. Ncxe5
Rfe8 15. Nxc6 Qxc6 16. Nd4 Qd6 17. Rd1 Nd5 18. Be2 Qc5 19. O-O Nf6 20. Qg3 Bb7
21. Rxf6 Re5 22. Rf2 Rg5 23. Qf4 f6 24. Ne6 Qa5 25. Nxg5 fxg5 26. Qf7+ 1-0

[Event "Tournoi francophone 007 Groupe B"]
[Site "Skype"]
[Date "????.??.??"]
[Round "8.1"]
[White "L'Herbon De Lussats, Jean"]
[Black "Gharbi, Said"]
[Result "1-0"]
[WhiteElo "1507"]
[BlackElo "1576"]
[PlyCount "125"]

1. e4 e5 2. Nf3 Nf6 3. Bc4 h6 4. Nxe5 d5 5. Bxd5 Nxd5 6. exd5 Qxd5 7. Nf3 Qe4+
8. Kf1 Bg4 9. Qe1 Bxf3 10. gxf3 Qxe1+ 11. Kxe1 Bd6 12. d4 O-O 13. c4 b6 14. Be3
Nc6 15. c5 Be7 16. Nd2 Rfe8 17. Ne4 Nb4 18. Kd2 Nd5 19. a3 Rad8 20. b4 f5 21.
Nc3 Nxe3 22. fxe3 bxc5 23. bxc5 Bxc5 24. Kd3 f4 25. Ne4 Bb6 26. Rad1 c5 27. Kc4
cxd4 28. exd4 Rc8+ 29. Kd5 Red8+ 30. Ke5 Bc7+ 31. Kf5 Rd5+ 32. Ke6 Ra5 33. Rd3
Re8+ 34. Kd7 Rf8 35. Kxc7 Rf7+ 36. Kc6 Rff5 37. Nc5 Rf6+ 38. Kd5 Rb5 39. Kc4
Rfb6 40. d5 a6 41. Rhd1 Kf7 42. Nd7 Rd6 43. Nc5 Rb2 44. Ne4 Rdb6 45. d6 Rc2+
46. Kd5 Rxh2 47. d7 Rh5+ 48. Kc4 Rc6+ 49. Kb3 Rb5+ 50. Ka2 Rc2+ 51. Ka1 Rbb2
52. Nc3 Rb3 53. Nb1 Rbb2 54. Nc3 Rb3 55. d8=Q Rxa3+ 56. Kb1 Rcxc3 57. Rxc3 Rxc3
58. Qd5+ Kg6 59. Rg1+ Kh7 60. Qf5+ Kg8 61. Qxf4 g5 62. Qf6 Rb3+ 63. Kc2 1-0

[Event "Tournoi francophone 007 Groupe B"]
[Site "Skype"]
[Date "????.??.??"]
[Round "8.2"]
[White "Gerbaux, Regis"]
[Black "Fouquereau, Andre"]
[Result "0-1"]
[WhiteElo "1425"]
[BlackElo "1479"]
[PlyCount "44"]

1. e4 e5 2. Nf3 d6 3. d4 exd4 4. Nxd4 Nf6 5. Nc3 c6 6. Bc4 Be7 7. O-O O-O 8.
Re1 Ng4 9. Bf4 Qb6 10. b3 Nd7 11. Qd2 Bf6 12. Ne6 Nc5 13. Nxc5 Qxc5 14. Bxd6
Bxc3 15. Qf4 Qxf2+ 16. Qxf2 Nxf2 17. Kxf2 Rd8 18. Be7 Rd2+ 19. Kg1 Bxa1 20.
Rxa1 Rxc2 21. Rf1 Be6 22. Bd3 Rxa2 0-1

[Event "Tournoi francophone 007 Groupe B"]
[Site "Skype"]
[Date "????.??.??"]
[Round "8.3"]
[White "Duthoit, Bernard"]
[Black "Farthouat, Titoine"]
[Result "0-1"]
[WhiteElo "1515"]
[BlackElo "1652"]
[PlyCount "48"]

1. e4 c5 2. Nf3 Nc6 3. c3 b6 4. d4 cxd4 5. cxd4 d5 6. e5 a6 7. g3 Bf5 8. Bg2 h6
9. a3 e6 10. O-O f6 11. Nh4 Nge7 12. Be3 fxe5 13. dxe5 Nxe5 14. Nxf5 Nxf5 15.
Bf4 Bd6 16. Re1 Qf6 17. Nc3 O-O 18. Ne4 dxe4 19. Qxd6 Nxd6 20. Bxe5 Qxe5 21. f4
Qxb2 22. Rab1 Qd4+ 23. Kh1 Rac8 24. Rbd1 Qc3 0-1

[Event "Tournoi francophone 007 Groupe B"]
[Site "Skype"]
[Date "????.??.??"]
[Round "8.4"]
[White "Kruk, Clementine"]
[Black "De Coninck, Philippe"]
[Result "1-0"]
[WhiteElo "1559"]
[BlackElo "1554"]
[PlyCount "101"]

1. e4 e5 2. Nf3 Nc6 3. Bc4 h6 4. d4 exd4 5. Nxd4 Bc5 6. Nxc6 bxc6 7. O-O Nf6 8.
e5 Ne4 9. Qf3 O-O 10. Qxe4 d5 11. exd6 Qxd6 12. Nc3 Be6 13. Bf4 Qd7 14. Rfd1
Bd6 15. Bd3 f5 16. Qf3 Rab8 17. b3 Rb4 18. Bxd6 cxd6 19. a3 Rd4 20. Ne2 Bd5 21.
Qxf5 Rxf5 22. Nxd4 Rf7 23. Re1 Kf8 24. c4 Bxg2 25. Ne6+ Kg8 26. Kxg2 Rf6 27.
Rad1 Rxe6 28. Bf5 Rxe1 29. Bxd7 Rxd1 30. Bxc6 Rd3 31. Ba4 Kf7 32. f3 Kf6 33.
Kf2 Ke5 34. Ke2 Kd4 35. h4 Re3+ 36. Kf2 Kd3 37. f4 Rh3 38. Kg2 Rxh4 39. Kg3 Rh1
40. Kg4 Ra1 41. Kf5 Rxa3 42. Kg6 Ra2 43. f5 Rg2+ 44. Kf7 Rg5 45. Bd7 h5 46. Ke6
Kc3 47. Kxd6 Kxb3 48. c5 Rg4 49. c6 Rd4+ 50. Ke7 Rc4 51. Be6 1-0

[Event "Tournoi francophone 007 Groupe B"]
[Site "Skype"]
[Date "????.??.??"]
[Round "8.5"]
[White "Marino, Giuseppe"]
[Black "Martin, Jean-Claude"]
[Result "1/2-1/2"]
[WhiteElo "1356"]
[BlackElo "1531"]
[PlyCount "63"]

1. d4 e5 2. dxe5 Nc6 3. e3 Nxe5 4. Nf3 d6 5. Nxe5 dxe5 6. Qxd8+ Kxd8 7. Bc4 f6
8. Nd2 Bf5 9. Bd3 Nh6 10. h3 Bxd3 11. cxd3 Bb4 12. O-O Bxd2 13. Bxd2 Re8 14.
Rac1 c6 15. a3 Re6 16. Bb4 a5 17. Bc3 Nf5 18. Rfd1 Ke8 19. b3 a4 20. b4 b5 21.
Bb2 Rd8 22. Kh2 Red6 23. d4 exd4 24. exd4 Nxd4 25. Bxd4 Rxd4 26. Rxd4 Rxd4 27.
Rxc6 Rd3 28. Rc5 Rxa3 29. Rxb5 Rb3 30. f3 a3 31. Ra5 Rxb4 32. Rxa3 1/2-1/2

[Event "Tournoi francophone 007 Groupe B"]
[Site "Skype"]
[Date "????.??.??"]
[Round "9.1"]
[White "Martin, Jean-Claude"]
[Black "L'Herbon De Lussats, Jean"]
[Result "1-0"]
[WhiteElo "1531"]
[BlackElo "1507"]
[PlyCount "111"]

1. d4 Nf6 2. c4 g6 3. Nc3 Bg7 4. e4 d6 5. d5 O-O 6. Nf3 Nbd7 7. Bd3 c5 8. dxc6
bxc6 9. Qc2 c5 10. O-O Bb7 11. Re1 Ne5 12. Nxe5 dxe5 13. Be3 Qc7 14. Nd5 Qd6
15. Rad1 e6 16. Nxf6+ Bxf6 17. Be2 Qe7 18. b3 Rfd8 19. Rxd8+ Rxd8 20. Rd1 Bg5
21. Rxd8+ Qxd8 22. Bxc5 a6 23. f3 f5 24. Qd3 Qc7 25. Qd6 Qxd6 26. Bxd6 Bf6 27.
exf5 exf5 28. c5 e4 29. Bc4+ Kg7 30. f4 Bd4+ 31. Kf1 Kh6 32. Bf8+ Kh5 33. g3 g5
34. Bf7+ Kg4 35. fxg5 Kxg5 36. Be7+ Kg4 37. Bc4 e3 38. c6 Bxc6 39. Bxa6 Kf3 40.
Be2+ Ke4 41. b4 f4 42. gxf4 Kxf4 43. Bd6+ Ke4 44. b5 Be8 45. a4 h5 46. Bg3 Bf6
47. h4 Kd4 48. a5 Bf7 49. a6 Bc4 50. Bxc4 Kxc4 51. a7 Bd4 52. a8=Q Kd3 53. Qf3
Bc3 54. Qe2+ Ke4 55. b6 Bd2 56. b7 1-0

[Event "Tournoi francophone 007 Groupe B"]
[Site "Skype"]
[Date "????.??.??"]
[Round "9.2"]
[White "De Coninck, Philippe"]
[Black "Marino, Giuseppe"]
[Result "1-0"]
[WhiteElo "1554"]
[BlackElo "1356"]
[PlyCount "59"]

1. e4 e5 2. f4 exf4 3. Nf3 d6 4. Bc4 Bg4 5. O-O Be7 6. d3 Nf6 7. Bxf4 O-O 8.
Nbd2 Nc6 9. Qe1 Bxf3 10. Nxf3 a6 11. Qg3 Nh5 12. Qg4 Nxf4 13. Qxf4 Bf6 14. c3
Qe7 15. Rae1 Rae8 16. Bd5 Qd8 17. Bxc6 bxc6 18. d4 g6 19. e5 Bg7 20. Ng5 Bh6
21. h4 Bxg5 22. hxg5 Re7 23. Qh4 Kh8 24. Rf6 Rg8 25. Qf4 Rg7 26. Rf1 Qd7 27. e6
Qe8 28. Rxf7 Rgxf7 29. exf7 Qf8 30. Qf6+ 1-0

[Event "Tournoi francophone 007 Groupe B"]
[Site "Skype"]
[Date "????.??.??"]
[Round "9.3"]
[White "Farthouat, Titoine"]
[Black "Kruk, Clementine"]
[Result "1-0"]
[WhiteElo "1652"]
[BlackElo "1559"]
[PlyCount "65"]

1. e4 e5 2. Nf3 Nc6 3. Bc4 Bc5 4. O-O Nf6 5. Re1 d6 6. h3 Be6 7. Na3 a6 8. c3
b5 9. Bb3 h6 10. d4 exd4 11. cxd4 Bb4 12. Bd2 d5 13. exd5 Nxd5 14. Rc1 Qd7 15.
Qc2 Bxd2 16. Qxd2 Ncb4 17. Nc2 Nxc2 18. Rxc2 O-O 19. Rec1 Rac8 20. Qa5 Qd6 21.
Rc6 Qf4 22. Qxa6 Bxh3 23. Bxd5 Qg4 24. Nh2 Qxd4 25. Qxb5 Bd7 26. R6c4 Bxb5 27.
Rxd4 Rfe8 28. Nf3 Re2 29. Rf4 Rxb2 30. Rxf7 Ba6 31. Rfxc7+ Kh7 32. Rxc8 Bxc8
33. Rxc8 1-0

[Event "Tournoi francophone 007 Groupe B"]
[Site "Skype"]
[Date "????.??.??"]
[Round "9.4"]
[White "Fouquereau, Andre"]
[Black "Duthoit, Bernard"]
[Result "1-0"]
[WhiteElo "1479"]
[BlackElo "1515"]
[PlyCount "81"]

1. e4 e6 2. Nf3 d5 3. e5 c5 4. c3 Nc6 5. Bb5 Bd7 6. O-O Nxe5 7. Bxd7+ Nxd7 8.
d4 Ngf6 9. Qa4 Be7 10. dxc5 Bxc5 11. Bg5 O-O 12. Nbd2 Be7 13. Rad1 h6 14. Bh4
a6 15. Bg3 b5 16. Qc2 Rc8 17. Qb1 Nb6 18. h3 Bd6 19. Ne5 Bxe5 20. Bxe5 Nfd7 21.
Bg3 Qf6 22. f4 Qg6 23. Qxg6 fxg6 24. b3 Rxc3 25. Bf2 Rxf4 26. Nf3 Nc8 27. b4
Ne7 28. Nd4 Nf8 29. Ne2 Rfc4 30. Nxc3 Rxc3 31. Bc5 Nf5 32. g4 Rxh3 33. gxf5
gxf5 34. Rc1 Ng6 35. Bd6 e5 36. Rxf5 Nf4 37. Rc8+ Kh7 38. Bxe5 Ne2+ 39. Kg2 Re3
40. Kf2 Rxe5 41. Rxe5 1-0

[Event "Tournoi francophone 007 Groupe B"]
[Site "Skype"]
[Date "????.??.??"]
[Round "9.5"]
[White "Gharbi, Said"]
[Black "Gerbaux, Regis"]
[Result "0-1"]
[WhiteElo "1576"]
[BlackElo "1425"]
[PlyCount "40"]

1. e4 c5 2. c3 d6 3. d4 Nc6 4. Bb5 Bd7 5. Qb3 cxd4 6. cxd4 Nxd4 7. Bxd7+ Qxd7
8. Qc3 e5 9. Be3 Rc8 10. Qd3 Nc2+ 11. Ke2 Nxa1 12. Nc3 Qg4+ 13. Nf3 a6 14. g3
Nb3 15. axb3 Nf6 16. b4 Be7 17. b5 axb5 18. Qxb5+ Qd7 19. Qd3 O-O 20. Nxe5 dxe5
0-1